La preparación musical de los más pequeños

Gespeichert in:
Bibliographische Detailangaben
1. Verfasser: Willems, Edgar (VerfasserIn)
Format: Buch
Sprache:Spanisch
Veröffentlicht: Buenos Aires EUDEBA 1968
Ausgabe:3a. ed
Schriftenreihe:La escuela en el tiempo. Temas, música
Schlagworte:
Tags: Tag hinzufügen
Keine Tags, Fügen Sie den ersten Tag hinzu!

MARC

LEADER 00000nam a2200000 a 4500
001 UCY8613
003 CL-VaPUC
008 950703e19681200AG |||||||||||||||||spa|d
082 0 4 |a 372.87  |b WIL  |2 21 
100 0 |a Willems, Edgar  |e author  |9 340150 
245 1 3 |a La preparación musical de los más pequeños 
250 |a 3a. ed 
300 |a 103 p 
942 |c BK 
945 |d 19950703 00:00:00  |a cmena 
260 |a Buenos Aires  |b EUDEBA  |c 1968 
650 0 |a Educación artística  |9 269035 
650 0 |a Enseñanza de la música  |9 339802 
650 0 |a Psicología del niño  |9 307305 
650 7 |a GUIAS PEDAGOGICAS  |2 CL-VaPUC  |9 340151 
650 0 |a Planificación de la educación   |9 307333 
583 |a last modification  |c 19950703 00:00:00  |k Rodrigo Vera 
490 0 |a La escuela en el tiempo. Temas, música 
999 |c 235842  |d 235840 
952 |0 0  |1 0  |4 0  |6 372_870000000000000_WIL_1968  |7 0  |8 P  |9 243510  |a BIBEDU  |b BIBEDU  |c BIBEDU_PB  |d 2019-11-18  |i 1526499  |o 372.87 WIL 1968  |p 1526499  |r 2024-01-25  |w 2019-11-18  |y BK  |k EDU 
952 |0 0  |1 0  |4 0  |6 372_870000000000000_WIL_1968  |7 0  |8 A  |9 243511  |a BIBEDU  |b BIBEDU  |d 2019-11-18  |i 1247433  |o 372.87 WIL 1968  |p 1247433  |r 2023-01-12  |w 2019-11-18  |y BK  |k MUS